[Event "FRA-ch op-C"]
[Site "Aix les Bains"]
[Date "2003.08.22"]
[Round "4"]
[White "Kvashyna, Tetyana"]
[Black "Valet, Bruno"]
[Result "1-0"]
[WhiteElo "1690"]
[BlackElo "1560"]
[PlyCount "65"]
[EventDate "2003.08.19"]
[EventType "swiss"]
[EventRounds "9"]
[EventCountry "FRA"]
[SourceTitle "EXT 2004"]
[Source "ChessBase"]
[SourceDate "2003.11.25"]
[SourceVersion "1"]
[SourceVersionDate "2003.11.25"]
[SourceQuality "1"]

1. d4 e6 2. Nf3 Nf6 3. e3 b6 4. Bd3 Bb7 5. Nbd2 Be7 6. b3 Nc6 7. a3 Nd5 8. Bb2 0-0 9. 0-0 f5 10. c4 Nf6 11. Qc2 d5 12. Ng5 Qd6 13. Ndf3 Ne4 14. cxd5 exd5 15. b4 a6 16. Qb3 Bf6 17. Nxe4 fxe4 18. Bxe4 Ne7 19. Bc2 Bc8 20. e4 Qf4 21. h3 c6 22. e5 Bh4 23. Bc1 Bxf2+ 24. Kxf2 Qf7 25. Kg1 Nf5 26. Nh4 Qh5 27. Nxf5 Bxf5 28. Rxf5 Rxf5 29. Bxf5 Qxf5 30. Qg3 Rf8 31. Bh6 Qf7 32. Kh2 Kh8 33. Rf1 1-0